[Event "Benidorm Bali op-B 20th"]
[Site "Benidorm"]
[Date "2023.12.04"]
[Round "5"]
[White "Gyaneshwar, B."]
[Black "Stanchev, Aleksandar"]
[Result "1/2-1/2"]
[WhiteElo "1712"]
[BlackElo "1948"]
[PlyCount "85"]
[EventDate "2023.12.01"]
[EventType "swiss"]
[EventRounds "9"]
[EventCountry "ESP"]
[SourceTitle "CB51_2023"]
[SourceDate "2023.12.20"]
[SourceVersion "1"]
[SourceVersionDate "2023.12.20"]
[SourceQuality "1"]

1. d4 Nf6 2. c4 e6 3. g3 d5 4. Bg2 Be7 5. Nf3 0-0 6. 0-0 b6 7. cxd5 exd5 8. Nc3 Bb7 9. Bf4 Nbd7 10. Ne5 Ne4 11. Nxe4 dxe4 12. Qc2 Nf6 13. Rfd1 Re8 14. Rac1 Bd6 15. h4 Qe7 16. Be3 h6 17. a3 a5 18. Bh3 Nd5 19. Nc4 Rad8 20. Qb3 Bc8 21. Bxc8 Rxc8 22. Kg2 Qe6 23. Re1 Kh8 24. f4 exf3+ 25. exf3 Qg6 26. Nxd6 Qxd6 27. Bf2 c6 28. Re4 f5 29. Ree1 Qd7 30. Qd1 Rxe1 31. Qxe1 Re8 32. Qd2 Re6 33. Re1 Kg8 34. Re5 Rxe5 35. dxe5 Qe6 36. f4 g5 37. Bxb6 Nxb6 38. Qd8+ Kh7 39. Qxb6 Qd5+ 40. Kf2 Qd2+ 41. Kf1 Qd1+ 42. Kf2 Qd2+ 43. Kf1 1/2-1/2

[Event "IND-ch Blitz"]
[Site "Nashik"]
[Date "2022.04.30"]
[Round "1"]
[White "Aravindh, Chithambaram VR"]
[Black "Gyaneshwar, B."]
[Result "1-0"]
[WhiteElo "2613"]
[BlackElo "1423"]
[PlyCount "65"]
[EventDate "2022.04.30"]
[EventType "swiss (blitz)"]
[EventRounds "11"]
[EventCountry "IND"]
[SourceTitle "CBM 208 Extra"]
[Source "ChessBase"]
[SourceDate "2022.07.31"]
[SourceVersion "1"]
[SourceVersionDate "2022.07.31"]
[SourceQuality "1"]

1. Nf3 d5 2. d4 Nf6 3. e3 Bf5 4. Bd3 Bg6 5. c4 c6 6. Nc3 e6 7. 0-0 Nbd7 8. b3 Bd6 9. Bb2 dxc4 10. bxc4 e5 11. Qc2 Qe7 12. Nd2 0-0 13. Bxg6 hxg6 14. Nce4 Bc7 15. a4 Nxe4 16. Nxe4 Nf6 17. Ba3 Qd7 18. Nxf6+ gxf6 19. Bxf8 Rxf8 20. Rad1 Qg4 21. d5 cxd5 22. cxd5 Bd6 23. h3 Qd7 24. Rb1 Rc8 25. Qb3 b6 26. Rfc1 Rc5 27. Rxc5 Bxc5 28. Qc4 a5 29. Rd1 Qd6 30. Qb5 Kg7 31. Qc6 Qb8 32. d6 Qd8 33. d7 1-0